000 00537nam a2200181Ia 4500
008 140626s9999 xx 000 0 und d
100 _aFrost, Dawn.
245 _aHeath promotion guidance for a rural community /
_cDawn Frost ... [et al.].
260 _cc2012.
300 _a8 : 9, page 712
440 _aThe Journal for Nurse Practitioners (JNP)
521 _aNUR
650 _aChildhood obesity.
650 _aObesity education.
650 _aParental guidance for obese children.
650 _aRural obesity.
942 _cSE
999 _c121443
_d121443